| 000 | 00485nam a2200181Ia 4500 | ||
|---|---|---|---|
| 001 | 24218 | ||
| 005 | 20260414151029.0 | ||
| 008 | 260414t2015||||xx |||||||||||||| ||spa|| | ||
| 041 | _aESP | ||
| 082 |
_a796.01 _bR68 |
||
| 100 |
_aRivera Mansilla, Franz V. _eAUT |
||
| 245 | 0 |
_aEl poder del deporte : _bexperiencias, reflexiones y aplicaciones para el deporte |
|
| 260 | _c2015 | ||
| 300 |
_a160 páginas : _c20 cm. |
||
| 650 | _aABD | ||
| 654 | _aCAU | ||
| 942 |
_cLIB _dJUS _fJUS _2ddc _n |
||
| 999 |
_c24218 _d24218 |
||